Statistics for Tribal Wars General Knowledge

Click here to take the quiz!

General Stats

  • This quiz has been taken 267 times
    (124 since last reset)
  • The average score is 26 of 28

Answer Stats

HintsAnswer% Correct
Main BuildingHeadquarters
99%
Train TroopsBarracks
96%
Trade GoodsMarket
95%
Train CavalryStable
95%
Protects VillageWall
95%
Used to target enemy buildingsCatapult
94%
Produce FoodFarm
94%
Hide ResourcesHiding Place
94%
Used to break enemy wallsRam
94%
Most Basic UnitSpear Fighters
94%
Offensive FootsoldierAxemen
93%
Effective Offensive CavalryLight Cavalry
93%
Used to conquer enemy villagesNobleman
93%
Research TroopsSmithy
93%
Defensive FootsoldierSwordsmen
93%
Store ResourcesWarehouse
92%
Train NoblemenAcademy
91%
Resource - WeaponsIron Mine
91%
You only get one of this type of soldierPaladin
91%
Coordinate TroopsRally Point
91%
Resource - Buildings and WeaponsTimber Camp
91%
Defensive FootsoldierArcher
89%
Resource - BuildingsClay Pit
89%
Elite TroopsHeavy Cavalry
89%
Offensive troop to attack enemy ArchersMounted Archer
89%
Fastest CavalryScout
89%
Train Seige EquipmentWorkshop
89%
May be called in as additional troops for new playersMilitia
87%

Score Distribution

Percentile by Number Answered

Percent of People with Each Score

Your Score History

You have not taken this quiz since the last reset